000 00352 a2200169 4500
001 72387
020 _a9788526277113
040 _cAnchieta - Colégio São Paulo
100 _aAngeli, José
240 1 0 _aIlíada
_lpor
245 1 0 _aIlíada
300 _a96
362 0 _a2001
440 1 _aScipione
650 4 _aLiteratura juvenil
942 _cBK
999 _c72387
_d72387